Vista normal
Vista MARC
Entrada Materia (personas)
Número de registros utilizados en: 1
001 - CONTROL NUMBER
- control field: 172883
003 - CONTROL NUMBER IDENTIFIER
- control field: Co-BoUCM
005 - DATE AND TIME OF LATEST TRANSACTION
- control field: 20220113103835.0
008 - FIXED-LENGTH DATA ELEMENTS
- fixed length control field: 220113|| aca||aabn | a|a d
040 ## - CATALOGING SOURCE
- Original cataloging agency: Co-BoUCM
- Transcribing agency: Co-BoUCM
100 ## - HEADING--PERSONAL NAME
- Personal name: Waugh, Evelyn,
- Titles and other words associated with a name: (Seud.)
- Dates associated with a name: 1903-1966
- Fuller form of name: (Evelyn Arthur St John)
670 ## - SOURCE DATA FOUND
- Source citation: Work cat.: (Co-BoUCM): Waugh, Evelyn, (Seud.) 1903-1966 (Evelyn Arthur St John), A handful of dust , 1935